Statistics for Countries within the Frigid Climate Zone

Click here to take the quiz!

General Stats

  • This quiz has been taken 100 times
  • The average score is 8 of 8

Answer Stats

ContinentCountries% Correct
North AmericaCanada
100%
EuropeFinland
100%
EuropeNorway
100%
EuropeSweden
100%
North AmericaUnited States
99%
AsiaRussia
98%
EuropeDenmark
95%
EuropeIceland
95%

Score Distribution

Percentile by Number Answered

Percent of People with Each Score

Your Score History

You have not taken this quiz